000 00835nmm a2200265 a 4500
001 ocm000787264
003 TR-IsHL
005 20201028152438.0
008 150709s1995 tu tur
007 cr cn
035 _a787264
_b(N$T)
050 0 4 _aPL248.G85
_bC4 1995
090 0 4 _aPL248.G85
_bC4 1995
100 1 _aGülüsever, Mustafa
245 1 0 _aCennetten çıkışın öyküsü
_h[electronic resource] /
_cMustafa Gülüsever
250 _a1. bs.
260 _aAnkara :
_bSam Yayınları,
_c1995
300 _a122 p.
650 4 _aDil ve Edebiyat
650 4 _aLanguage and Literature
650 0 _aTürk romanı
650 0 _aTurkish fiction
650 7 _aLITERARY COLLECTIONS / Middle Eastern
_2bisacsh
856 4 0 _uhttp://search.ebscohost.com/login.aspx?direct=true&scope=site&db=e011xww&AN=787264
999 _c11529
_d11529